书目信息 |
| 题名: |
最后的事情
|
|
| 作者: | 魏宁格 著 ;温仁百 译 | |
| 分册: | ||
| 出版信息: | 南京 译林出版社 2016 |
|
| 页数: | 206页 | |
| 开本: | 22cm | |
| 丛书名: | ||
| 单 册: | ||
| 中图分类: | B521 | |
| 科图分类: | ||
| 主题词: | 哲学思想--Zhe Xue Si Xiang--思想评论--奥地利--近代 | |
| 电子资源: | ||
| ISBN: | 978-7-5447-6333-2 | |
| 000 | 01222nam0 22002771 450 | |
| 001 | 351084 | |
| 005 | 20161011100359.40 | |
| 010 | @a978-7-5447-6333-2@dCNY35.00 | |
| 100 | @a20160711d2016 em y0chiy50 ea | |
| 101 | 1 | @achi@cger |
| 102 | @aCN@b320000 | |
| 105 | @ay z 000yy | |
| 106 | @ar | |
| 200 | 1 | @a最后的事情@AZui Hou De Shi Qing@dUber die letzten dinge@f(奥)奥托·魏宁格(Otto Weininger)著@g温仁百译@zger |
| 210 | @a南京@c译林出版社@d2016 | |
| 215 | @a206页@d22cm | |
| 314 | @a奥托·魏宁格 (1880-1903),奥地利哲学家。著有《性与性格》、《最后的事情》等。 | |
| 330 | @a《最后的事情》是魏宁格的遗作,是他阐述自己美学思考的散论,收录了数篇独立成章的随笔。在书中,魏宁格对自己钟爱的文学、艺术和哲学主题,做了不拘一格的评论。从瓦格纳到易卜生,从形而上学到性格学,救赎、道德、自由、艺术,都是这本书关注的主题。 | |
| 510 | 1 | @aUber die letzten dinge@zger |
| 606 | 0 | @a哲学思想@AZhe Xue Si Xiang@x思想评论@y奥地利@z近代 |
| 610 | 0 | @a魏宁格@AWei Ning Ge@c(Weininger, Otto@f1880-1903)@x哲学思想@x思想评论 |
| 690 | @aB521@v5 | |
| 701 | 0 | @c(奥)@a魏宁格@AWei Ning Ge@c(Weininger, Otto@f1880-1903)@4著 |
| 702 | 0 | @a温仁百@AWen Ren Bai@4译 |
| 801 | 0 | @aCN@bTANGWEI@c20160811 |
| 905 | @b0893041-5@dB521@e18@f5 | |
| 最后的事情=Uber die letzten dinge/(奥)奥托·魏宁格(Otto Weininger)著/温仁百译.-南京:译林出版社,2016 |
| 206页;22cm |
| ISBN 978-7-5447-6333-2:CNY35.00 |
| 《最后的事情》是魏宁格的遗作,是他阐述自己美学思考的散论,收录了数篇独立成章的随笔。在书中,魏宁格对自己钟爱的文学、艺术和哲学主题,做了不拘一格的评论。从瓦格纳到易卜生,从形而上学到性格学,救赎、道德、自由、艺术,都是这本书关注的主题。 |
| ● |
| 相关链接 |
|
|
|
|
正题名:最后的事情
索取号:B521/18
 
预约/预借
| 序号 | 登录号 | 条形码 | 馆藏地/架位号 | 状态 | 备注 |
| 1 | 0893041 | 208930415 | 第一样本阅览室/ [索取号:B521/18] | 在馆 | |
| 2 | 0893042 | 208930424 | 第一借阅区/ [索取号:B521/18] | 在馆 | |
| 3 | 0893043 | 208930433 | 第一借阅区/ [索取号:B521/18] | 在馆 | |
| 4 | 0893044 | 208930442 | 第一借阅区/ [索取号:B521/18] | 在馆 | |
| 5 | 0893045 | 208930451 | 第一借阅区/ [索取号:B521/18] | 在馆 |